| Tag |
First Indicator |
Second Indicator |
Subfields |
| LEADER |
00000cam a2200000 a 4500 |
| 001 |
in00001479521 |
| 005 |
20151021062643.0 |
| 008 |
990204s1998 enka b 001 0 eng d |
| 015 |
|
|
|a GB98-W2538
|
| 020 |
|
|
|a 0521620775
|
| 035 |
|
|
|a (OCoLC)40732916
|
| 035 |
|
|
|9 AJG2253AM
|
| 040 |
|
|
|a UGA
|c UGA
|d UKM
|d NGU
|d TXA
|d UtOrBLW
|
| 043 |
|
|
|a e-uk---
|a e-ie---
|
| 049 |
|
|
|a TXAM
|
| 090 |
|
|
|a BR758
|b .P76 1998
|
| 092 |
|
|
|a 280.40942
|f PRO
|
| 245 |
0 |
0 |
|a Protestantism and national identity :
|b Britain and Ireland, c.1650-c.1850 /
|c edited by Tony Claydon and Ian McBride.
|
| 264 |
|
1 |
|a Cambridge, U.K. ;
|a New York, NY, USA :
|b Cambridge University Press,
|c 1998.
|
| 300 |
|
|
|a xi, 317 pages :
|b 1 illustration ;
|c 24 cm.
|
| 336 |
|
|
|a text
|b txt
|2 rdacontent
|
| 337 |
|
|
|a unmediated
|b n
|2 rdamedia
|
| 338 |
|
|
|a volume
|b nc
|2 rdacarrier
|
| 504 |
|
|
|a Includes bibliographical references and index.
|
| 650 |
|
0 |
|a Christianity and politics
|x History
|y 17th century.
|
| 650 |
|
0 |
|a Christianity and politics
|x History
|y 18th century.
|
| 650 |
|
0 |
|a Christianity and politics
|x History
|y 19th century.
|
| 650 |
|
0 |
|a Protestantism.
|
| 651 |
|
0 |
|a Great Britain
|x Religion
|y 17th century.
|
| 651 |
|
0 |
|a Great Britain
|x Religion
|y 18th century.
|
| 651 |
|
0 |
|a Great Britain
|x Religion
|y 19th century.
|
| 651 |
|
0 |
|a Ireland
|x Religion
|y 18th century.
|
| 650 |
|
0 |
|a Nationalism
|z Great Britain
|x History
|y 17th century.
|
| 650 |
|
0 |
|a Nationalism
|z Great Britain
|x History
|y 18th century.
|
| 650 |
|
0 |
|a Nationalism
|z Great Britain
|x History
|y 19th century.
|
| 650 |
|
0 |
|a Nationalism
|z Ireland
|x History
|y 18th century.
|
| 650 |
|
0 |
|a Nationalism
|x Religious aspects
|x Christianity.
|
| 650 |
|
4 |
|a Nationalism
|z Ireland.
|
| 650 |
|
4 |
|a Protestantism
|x History.
|
| 650 |
|
4 |
|a Nationalism
|z Great Britain.
|
| 650 |
|
4 |
|a Nationalism
|x Religious aspects.
|
| 651 |
|
4 |
|a Great Britain
|x Church history
|y 17th century.
|
| 651 |
|
4 |
|a Great Britain
|x Church history
|y 18th century.
|
| 651 |
|
4 |
|a Great Britain
|x Church history
|y 19th century.
|
| 700 |
1 |
|
|a Claydon, Tony.
|
| 700 |
1 |
|
|a McBride, Ian.
|
| 948 |
|
|
|a c:jh
|
| 999 |
|
|
|a MARS
|
| 999 |
f |
f |
|s 95ee0b69-b74a-30e2-ac71-3444405ceef2
|i 38695faf-9c4c-3ab7-8eec-ec76223691dc
|t 0
|
| 952 |
f |
f |
|p normal
|a Texas A&M University
|b College Station
|c Sterling C. Evans Library
|d Evans: Library Stacks
|t 0
|e BR758 .P76 1998
|h Library of Congress classification
|i unmediated -- volume
|m A14824158830
|
| 998 |
f |
f |
|a BR758 .P76 1998
|t 0
|l Evans: Library Stacks
|